World Capitals Containing the Letter A - Statistics

General Stats
  • This quiz has been taken 3,473 times
    3,464 since last reset
  • The average score is 118 of 150
Answer Stats
Continent Capital % Correct
Europe Amsterdam
93%
Europe Andorra la Vella
92%
Europe Athens
92%
Europe Madrid
91%
Asia Abu Dhabi
90%
Africa Algiers
90%
South America Brasilia
90%
Europe Bucharest
90%
Europe Budapest
90%
North America Washington, DC
90%
Africa Accra
89%
Africa Addis Ababa
89%
Asia Amman
89%
Asia Ankara
89%
Africa Cairo
89%
Oceania Canberra
89%
Europe Paris
89%
Africa Abuja
88%
South America Asuncion
88%
North America Ottawa
88%
South America Buenos Aires
87%
North America Guatemala City
87%
Asia Hanoi
87%
North America Havana
87%
Asia Islamabad
87%
North America Panama City
87%
South America Santiago
87%
Asia Bangkok
86%
Europe Bratislava
86%
South America Bogota
85%
South America Caracas
85%
South America Lima
85%
Europe Riga
85%
Europe Tallinn
85%
Africa Antananarivo
84%
Asia Jakarta
84%
Asia Jerusalem
84%
Asia Nur-Sultan
84%
North America Port-au-Prince
84%
Europe Prague
84%
Europe San Marino
84%
Europe Warsaw
84%
Oceania Apia
83%
Asia Baghdad
83%
Asia Baku
83%
Asia Manila
83%
Africa Rabat
83%
North America San Jose
83%
Europe Vienna
83%
Asia Damascus
82%
Asia Kabul
82%
North America Santo Domingo
82%
Europe Valletta
82%
Africa Zagreb
82%
Asia Ashgabat
81%
Africa Nairobi
81%
Africa Pretoria
81%
Asia Riyadh
81%
Africa Asmara
80%
Africa Brazzaville
80%
Europe Copenhagen
80%
Africa Dakar
80%
Africa Kampala
80%
South America La Paz
80%
Europe Reykjavik
80%
Asia Sana'a
80%
Europe Sofia
80%
Europe Vaduz
80%
Europe Belgrade
79%
Asia Doha
79%
Africa Harare
79%
Africa Juba
79%
Asia Manama
79%
North America Port of Spain
79%
Europe Pristina
79%
North America San Salvador
79%
Asia Ulaanbaatar
79%
Asia Bandar Seri Begawan
78%
Asia Dhaka
78%
Asia Kathmandu
78%
Africa Khartoum
78%
Africa Kinshasa
78%
Africa Luanda
78%
North America Managua
78%
North America Nassau
78%
South America Paramaribo
78%
Asia Pyongyang
78%
Europe Sarajevo
78%
Europe Tirana
78%
Europe Vatican City
78%
Asia Yerevan
78%
Africa Bangui
77%
Africa Banjul
77%
Europe Chisinau
77%
Asia Kuala Lumpur
77%
Asia Kuwait City
77%
Asia Muscat
77%
Asia Nicosia
77%
Europe Podgorica
77%
Asia Tashkent
77%
Asia Tehran
77%
North America Belmopan
76%
Africa Kigali
76%
Africa Lusaka
76%
Africa Mogadishu
76%
North America Basseterre
75%
Oceania Honiara
75%
Africa Maputo
75%
Africa Praia
75%
Asia Singapore
75%
Africa Victoria
75%
Africa Bamako
74%
Africa Cape Town
74%
North America Castries
74%
Africa Gaborone
74%
North America Saint George's
74%
North America Saint John's
74%
Europe Yaounde
74%
Africa Dodoma
73%
Europe Ljubljana
73%
Africa Sao Tome
73%
Asia Sri Jayawardenepura Kotte
72%
Oceania Port-Vila
71%
Asia Dushanbe
70%
Asia Male
70%
Oceania Suva
70%
Oceania Yaren
70%
Oceania Funafuti
69%
Oceania Majuro
69%
Africa Maseru
69%
Asia Taipei
69%
Africa Bissau
68%
Africa Conakry
68%
Africa Ouagadougou
68%
North America Roseau
68%
Asia Vientiane
68%
Africa Monrovia
67%
Oceania Palikir
67%
Africa Yamoussoukro
67%
Africa Malabo
66%
Africa Nouakchott
66%
Oceania South Tarawa
66%
Africa Gitega
65%
Europe Monaco
65%
Africa Niamey
65%
Oceania Nuku'alofa
65%
Africa Mbabane
61%
Africa N'djamena
61%
Asia Naypyidaw
56%
North America Tegucigalpa
56%
No matching quizzes found
Score Distribution
Percent of People with Each Score
Percentile by Number Answered
Your Score History
You have not taken this quiz since the last reset